Estadísticas para Rosco de Pasapalabra #53

Haz click aquí para intentar la prueba.

Estadísticas generales

  • Esta prueba ha sido intentada 76 veces
  • La puntuación promedio es 9 de 25

Estadísticas de respuestas

InicialDefiniciónRespuesta% Correcto
ALíquido que forma el mar y los ríosAgua
100%
BNiño o niña recién nacido o de muy corta edadBebé
93%
CPieza rectangular de un material blando o elástico que se coloca sobre la armazón de la cama para tumbarseColchón
82%
HSeguidor de la religión politeísta que predomina en la India y afirma la existencia de la reencarnaciónHinduista
77%
Contiene la ÑAcción de cerrar un ojo momentáneamente quedando el otro abierto, generalmente como señaGuiño
67%
EEstado de la persona que carece de libertad por estar bajo el dominio de otraEsclavitud
60%
JGolpe dado con una jarra o un jarroJarrazo
54%
FInstrumento en forma de tenaza, que se usa para extraer la criatura en los partos difícilesFórceps
49%
DDesconfiar o recelar de alguien o algoDudar
42%
Contiene la QCada uno de los dos conductos en que se bifurca la tráquea y que entran en los pulmonesBronquio
33%
LSentir pena, contrariedad o arrepentimiento por alguna cosaLamentar
32%
PPlato compuesto de diversos pescados o mariscos, asados a la parrillaParrillada
28%
RCambio que tiene lugar en un organismo como respuesta a un estímuloReacción
25%
TCabeza del ser humano y de los animalesTesta
23%
ZInstrumento musical rústico formado por un cilindro hueco y una caña, muy usado en NavidadZambomba
23%
MMono de cabeza grande y hocico prominente, con la nariz roja rodeada de pliegues de color azul claroMandril
18%
IVigilancia que se hace por turno durante la noche en cada dormitorio de un cuartelImaginaria
16%
OActitud que consiste en aprovechar al máximo las circunstancias y sacar de ellas el mayor beneficio posibleOportunismo
16%
VPersona que pertenece a un consejo, tribunal o junta, y que tiene derecho a opinar en ellosVocal
12%
UQue ofende gravemente a una persona con palabras o hechosUltrajante
11%
GPerteneciente o relativo a la barbaGeniano
4%
Contiene la YPrenda femenina, a modo de leotardo de tejido fino y muy elásticoPanty
4%
STítulo de majestad que se dio a los reyes de la dinastía que gobernó en Persia desde 1502 a 1736Sofí
4%
NNombre del grupo de música que publicó el álbum 'Elastic Rock'Nucleus
2%
Contiene la XApellido del pintor autor de la obra 'El paño amarillo', de 1958Roux
2%

Distribución de puntuación

Porcentaje por número respondido

Porcentaje de gente con cada puntuación

Historial de tus puntuaciones

No has intentado esta prueba.